[Event "Asker Autumn"]
[Site "Asker"]
[Date "2013.10.07"]
[Round "4"]
[White "Lindblom, Roar"]
[Black "Fesche, Rolf A"]
[Result "1-0"]
[WhiteElo "1767"]
[BlackElo "1404"]
[PlyCount "65"]
[EventDate "2013.09.16"]
[EventType "tourn"]
[EventRounds "9"]
[EventCountry "NOR"]
[SourceTitle "EXT 2023"]
[Source "ChessBase"]
[SourceDate "2022.10.05"]
[SourceVersion "1"]
[SourceVersionDate "2022.10.05"]
[SourceQuality "1"]

1. d4 d5 2. c4 c6 3. Nf3 Nf6 4. Nc3 e6 5. Bg5 Be7 6. e3 h6 7. Bh4 0-0 8. Rc1 Nbd7 9. Bd3 dxc4 10. Bxc4 Nh7 11. Bg3 Ng5 12. 0-0 Nxf3+ 13. Qxf3 Nf6 14. Rfd1 Nd5 15. Ne2 Bd6 16. e4 Bxg3 17. Qxg3 Nf6 18. Bd3 Nh5 19. Qf3 Qg5 20. Rc5 f5 21. e5 g6 22. Bc2 b6 23. Rc3 Bb7 24. Ba4 b5 25. Bxb5 Rab8 26. Bxc6 Ba6 27. b3 Rbc8 28. Rdc1 Bxe2 29. Qxe2 Rc7 30. b4 Rd8 31. Rd1 Nf4 32. Qf3 Nd5 33. Bxd5 1-0

[Event "Asker Autumn-B"]
[Site "Asker"]
[Date "2012.12.03"]
[Round "9"]
[White "Fesche, Rolf A"]
[Black "Halvorsen, Terje"]
[Result "0-1"]
[WhiteElo "1474"]
[BlackElo "908"]
[PlyCount "84"]
[EventDate "2012.08.27"]
[EventType "swiss"]
[EventCountry "NOR"]
[SourceTitle "EXT 2024"]
[Source "ChessBase"]
[SourceDate "2023.10.10"]
[SourceVersion "1"]
[SourceVersionDate "2023.10.10"]
[SourceQuality "1"]

1. e4 d6 2. d4 Nf6 3. Bd3 g6 4. Ne2 Bg7 5. Ng3 c6 6. Nc3 a6 7. Be2 h5 8. h4 Nbd7 9. Bg5 b5 10. a3 Qc7 11. 0-0 Bb7 12. f4 Nh7 13. f5 Nxg5 14. hxg5 h4 15. Nh1 Qb6 16. Kh2 Bxd4 17. Bd3 Be5+ 18. Kh3 Qe3+ 19. Qf3 Qxg5 20. Qg4 Qxg4+ 21. Kxg4 Nf6+ 22. Kh3 g5 23. Nf2 Nh5 24. Ne2 0-0-0 25. Rab1 d5 26. b3 Nf6 27. exd5 g4+ 28. Nxg4 Nxg4 29. Kxg4 h3 30. gxh3 Rdg8+ 31. Kf3 Rxh3+ 32. Kf2 cxd5 33. Rg1 Rh2+ 34. Ke3 d4+ 35. Kd2 Bf4+ 36. Ke1 Rxg1+ 37. Nxg1 Bg3+ 38. Kd1 Rg2 39. Ne2 Bf3 40. Kd2 Bf4+ 41. Ke1 Be3 42. Rd1 Rh2 0-1

[Event "Asker CC-ch"]
[Site "Asker"]
[Date "2010.04.19"]
[Round "8"]
[White "Fesche, Rolf A"]
[Black "Roholdt, Njaal"]
[Result "1/2-1/2"]
[WhiteElo "1482"]
[BlackElo "1284"]
[PlyCount "52"]
[EventDate "2010.01.18"]
[EventType "swiss"]
[EventRounds "9"]
[EventCountry "NOR"]
[SourceTitle "EXT 2024"]
[Source "ChessBase"]
[SourceDate "2023.10.10"]
[SourceVersion "1"]
[SourceVersionDate "2023.10.10"]
[SourceQuality "1"]

1. d4 f5 2. c4 Nf6 3. Nf3 e6 4. a3 Be7 5. g3 0-0 6. Bg2 c6 7. 0-0 d5 8. cxd5 exd5 9. e3 Ne4 10. Nc3 Be6 11. Qd3 Nd7 12. Ne5 Nxe5 13. dxe5 Nc5 14. Qd1 Qc7 15. f4 Rad8 16. Ne2 Qb6 17. b4 Ne4 18. Nd4 c5 19. Nxe6 Qxe6 20. Qb3 c4 21. Qd1 Rd7 22. Qc2 Rfd8 23. Bb2 Rc8 24. Bd4 Rdc7 25. Bxe4 dxe4 26. Qc3 b5 1/2-1/2